000 00896nam a22002897a 4500
001 BR7400936
003 BR-BrBNA
005 20241122142354.0
007 ta
008 230509b bl.||||| |||| 00| 0 por d
040 _aBR-BrBNA
_bpor
_cBiblioteca Nacional de Agricultura
041 _a(Por)
072 _aF30; H10
_b0430
_b4020
_b/G514
090 _a 0430 BR7400936 OBR
_b2024-7321
100 1 _aDantas, C.B.
110 1 _aBolsa de Mercadorias de Sao Paulo, Sao Paulo (Brasil);
_91275
110 1 _aMinisterio da Agricultura, Industria e Commercio, Rio de Janeiro, GB (Brasil). Servico de Informacoes
245 1 _aA deterioracao dos algodoes brasileiros
260 3 _aRio de Janeiro, GB (Brasil):
_c1927.
300 _a17 p.
650 _aALGODAO
650 _aLAGARTA ROSADA
650 _aVARIEDADE
650 _aDETERIORACAO
650 _aVARIEDADE RESISTENTE
942 _cBK
_2AGRIS
999 _c19660
_d19660